ნორმალური ფორმატი
MARC ფორმატი
ჩანაწერი Corporate Name
ჩანაწერთა რაოდენობა, რომელიც გამოყენებულია: 3
001 - CONTROL NUMBER
- control field: 63
003 - CONTROL NUMBER IDENTIFIER
- control field: GE_BSU
005 - DATE AND TIME OF LATEST TRANSACTION
- control field: 20181216155103.0
008 - FIXED-LENGTH DATA ELEMENTS
- fixed length control field: 181216|| aca||aabn | a|a d
040 ## - CATALOGING SOURCE
- Original cataloging agency: GE_BSU
- Transcribing agency: GE_BSU
110 ## - HEADING--CORPORATE NAME
- Corporate name or jurisdiction name as entry element: რელიგიის საკითხთა სახელმწიფო სააგენტო
670 ## - SOURCE DATA FOUND
- Source citation: Work cat.: (GE_BSU): რუმინეთის,ბულგარეთის, ავსტრიის,ლატვიის,ლიტვის,ესტონეთის,მოლდავეთის,სომხეთის,აზერბაიჯანის,რუსეთისა და ბელორუსიის კანონმდებლობა რელიგიისა და რწმენის თავისუფლების შესახებ :
